Fr. Conceicao Rodrigues College of Engineering

Digital signal processing Application using ADSP-200 Family (Record no. 30534)

MARC details
000 -LEADER
fixed length control field 00355nam a2200145Ia 4500
082 ## - DEWEY DECIMAL CLASSIFICATION NUMBER
Classification number 621.381043
100 ## - MAIN ENTRY--PERSONAL NAME
Personal name Mar Amy
245 ## - TITLE STATEMENT
Title Digital signal processing Application using ADSP-200 Family
260 ## - PUBLICATION, DISTRIBUTION, ETC.
Name of publisher, distributor, etc. Prentice Hall of India
Place of publication, distribution, etc. New Jersey
Date of publication, distribution, etc. 1990
300 ## - PHYSICAL DESCRIPTION
Extent 585
546 ## - LANGUAGE NOTE
Language note ENGLISH
654 ## - SUBJECT ADDED ENTRY--FACETED TOPICAL TERMS
Focus term Digital signal
942 ## - ADDED ENTRY ELEMENTS (KOHA)
Koha item type BOOK
Holdings
Withdrawn status Lost status Damaged status Not for loan Collection Home library Current library Shelving location Date acquired Source of acquisition Cost, normal purchase price Total Checkouts Full call number Barcode Date last seen Cost, replacement price Price effective from Koha item type
        CRC Fr. Agnel's C.Rodrigues College of Engineering Fr. Agnel's C.Rodrigues College of Engineering   17/03/2023 global books 1807.30   621.381043 7522 17/03/2023 1807.30 17/03/2023 BOOK